Minecraft Flowers by Effect - Statistics

General Stats
  • This quiz has been taken 9 times
  • The average score is 16 of 21
Answer Stats
Effect Flower % Correct
Jump Boost Cornflower
100%
Weakness Orange Tulip
100%
Weakness Pink Tulip
100%
Night Vision Poppy
100%
Weakness Red Tulip
100%
No Effect Rose Bush
100%
Wither Wither Rose
100%
Fire Resistance Allium
86%
Poison Lily of the Valley
86%
No Effect Peony
86%
Weakness White Tulip
86%
Saturation Dandelion
71%
No Effect Sunflower
71%
Blindness Azure Bluet
57%
No Effect Lilac
57%
Regeneration Oxeye Daisy
57%
No Effect Pitcher Plant
57%
Night Vision Torchflower
57%
Saturation Blue Orchid
43%
No Effect Closed Eyeblossom
43%
No Effect Open Eyeblossom
43%
No matching quizzes found
Score Distribution
Percent of People with Each Score
Percentile by Number Answered
Your Score History
You have not taken this quiz